| 000 | 00506nam a2200205Ia 4500 | ||
|---|---|---|---|
| 003 | OSt | ||
| 005 | 20260603123446.0 | ||
| 008 | 210210b2000 xxu||||| |||| 00| 0 eng d | ||
| 040 | _cAL | ||
| 041 | _aEnglish | ||
| 082 | _a510 BOST | ||
| 100 |
_aBOSCO (S S). _9265142 |
||
| 245 | _aTheory and problems in mathematics. | ||
| 260 |
_aMangalore _bT. Egithin Bosco _c2000 |
||
| 300 | _a4-364,5-20 | ||
| 650 |
_aII PUC Maths _9265143 |
||
| 690 |
_aMathematics _9265144 |
||
| 906 | _a051335 | ||
| 942 |
_2ddc _cBK |
||
| 999 |
_c99638 _d99638 |
||